XXV Пленум Верхсуда Союза ССР. /Общее дело/

Доступно только в Электронных читальных залах Найти на картеНа карте
RUSMARC
00004378nac2a22003013x 450
00181a1f0f3-d9a9-4106-963c-355c5b6e1432
00520230720020500.0
100##$a20230613l19291929k y0rusy50 ca
1010#$arus
$amul
102##$aRU
105##$ay z |||||
1222#$ad19290812
$ad19291224
2001#$aXXV Пленум Верхсуда Союза ССР. /Общее дело/
$j12.08.1929 - 24.12.1929
215##$a27 листов
$d35,8 х 24,2
251##$cДело
300##$aЧасть текста на языках народов СССР
300##$aВ деле обратная нумерация
300##$aЗаголовок дела на папке: XXV Пленум Верхсуда Союза ССР. (Общее дело)
300##$aЧасть текста машинописная и рукописная, часть - напечатана типографским способом
324##$aВ деле имеются копии отдельных документов
461#0$1001796d4672-8a00-4986-b488-6e42273792cc
$12001
$aЦЕНТРАЛЬНЫЙ ИСПОЛНИТЕЛЬНЫЙ КОМИТЕТ СССР (ЦИК СССР).
$1251
$cФонд
$1852
$gР
$j3316
462#0$10016e6e8ba4-e15f-4ad4-8937-f1e88c150bfe
$12001
$aДела Секретариата Президиума ЦИК Союза ССР. 1929 г.
$vД. 299
$1251
$cОпись
$1852
$j22
5171#$aXXV Пленум Верхсуда Союза ССР. (Общее дело)
60101$3RU\NLR\AUTH\880357276
$aСССР
$bЦИК
60101$3RU\NLR\AUTH\8810128441
$aСССР
$bВерховный Суд
$bПленум
801#0$aRU
$bGA_RF
801#1$aRU
$bГлавНИВЦ
$c20230613
$2rusmarc
801#2$aRU
$bПБ им. Б.Н. Ельцина
$c20230720
$gRCR
$2rusmarc
852##$aГА РФ
$j299
937##$d186688904
$hГАРФ
035##$aRuPRLIB51072661
856##$uhttp://readingroom.main.prlib.ru/item.aspx?id_node=n186688904&mode=full
Формат отображения